|
|
|
|
| LEADER |
00866nam a2200289Ia 4500 |
| 008 |
240830s9999 xx 000 0 und d |
| 020 |
|
|
|a 978-970-10-6143-8
|
| 040 |
|
|
|a B-ESTELÍ- RUACS / 515.35 S592
|
| 041 |
|
|
|a spa
|
| 082 |
|
|
|a 515.35 S592
|
| 100 |
1 |
|
|a Simmons, George F.
|
| 100 |
1 |
|
|b Krantz, Steven G.
|
| 245 |
1 |
0 |
|a Ecuaciones diferenciales. Teoría, técnica y práctica
|
| 260 |
|
|
|a India
|b McGraw-Hill
|c 2007
|
| 300 |
|
|
|a 533 p.
|
| 650 |
7 |
|
|a ECUACIONES DIFERENCIALES
|
| 650 |
7 |
|
|b ECUACIÓN LINEAL - SEGUNDO ORDEN
|
| 650 |
7 |
|
|c PROPIEDADES CUALITATIVAS
|
| 650 |
7 |
|
|d SOLUCIONES EN SERIES - POTENCIAS - FUNCIONES ESPECIALES
|
| 650 |
7 |
|
|e SERIES DE FOURIER
|
| 650 |
7 |
|
|f ECUACIONES
|
| 650 |
7 |
|
|g TRANSFORMADAS DE LAPLACE
|
| 650 |
7 |
|
|h VARIACIONES
|
| 650 |
7 |
|
|i MÉTODOS NÚMERICOS
|
| 942 |
|
|
|c BK
|2 ddc
|
| 991 |
|
|
|a TEXTO
|
| 999 |
|
|
|c 10953
|